000 01640nam0a2200361 4500
001 RU\NLR\BIBL_A\012094651
005 20191014114634.0
010 _a978-5-4224-1569-4
021 _aRU
_bКН-П-19-059691
_9КН-П-19-4276
035 _a(NLR Aleph) 012094651
035 _a(RuMoRGB)010063471
090 _a11872639
_c11872639
100 _a20190916d2019 k y0rusy50 ca
101 0 _arus
102 _aRU
105 _ay zzzz000|y
200 1 _aЗаписки
_fЕ. Р. Дашкова
210 _aМосква
_cТерра
_d2019
_cКнижный клуб Книговек
215 _a526, [2] с.
_d21
225 1 _aЛитературные памятники русского быта
327 1 _aВ приложении публикуется статья русского историка, публициста Д. И. Иловайского о Екатерине Романовне Дашковой
600 1 _aДашкова
_bЕ. Р.
_gЕкатерина Романовна
_f1743 - 1810
_jВоспоминания, записки и т.п
_2nlr_sh1
_2nlr_sh2
_3RU\NLR\AUTH\66338130
607 _aРоссия
_xИстория
_z18 - 19 вв.
_jВоспоминания, записки и т.п
_2nlr_sh2
_3RU\NLR\AUTH\661302824
686 1 _aТ3(2)464-8,013
686 1 _aТ3(2)464,013
686 1 _aТ3(2)471,013
686 1 _aЧ213(2)4-8Дашкова
700 1 _aДашкова
_bЕ. Р.
_f1743-1810
_gЕкатерина Романовна
_3RU\NLR\AUTH\7711360
942 _cBOOK
980 _aNBR
980 _aNB